Retrouvez les ninjas (NarutoRP) - Statistiques

Statistiques générales
  • Ce quiz a été pris 742 fois
  • Le résultat moyen est 32 sur 47
Statistiques - réponses
Par images Réponse % Correct
Mazaru Uchiha
97%
Kaku Nara
94%
Okka Senju
94%
Renji Senju
93%
Ryujin Hakari
91%
Wamoun Haramcho
91%
Ashina Uzumaki
89%
Ginkaku Korosenai
89%
Kinkaku Korosenai
89%
Leki Hyuga
89%
Ichima Zerno
88%
Yuzo Uchiha
88%
Taka Fuma
87%
Azura Kaguya
86%
Ichijin Uchiha
83%
Izo Kami
83%
Yami Uchiha
83%
Tetsuya Uchiha
82%
Erza Korosenai
80%
Hiro Nara
80%
Tengen Hyuga
75%
Hikari Nara
74%
Sarutobi Okami
74%
Betrouni Werisu
72%
Renzo de la Salamandre
72%
Shigi Yamanaka
72%
Sokka Senju
69%
Toru Ketsueki
68%
Karasuma Senju
64%
Shigeru Yamanaka
62%
Kano Yamanaka
58%
Tan Tan
54%
Inojin Yamanaka
53%
Rin Korosenai
53%
Akemi Tanaka
52%
Seiya Yamanaka
52%
Mugetsu
51%
Nosaka Fuma
50%
Obéron
47%
Takemi Fuma
46%
Takeshi Kusamaru
46%
Shino Itatake
44%
Rengo Sabakuma
40%
Takao Hyuga
40%
Kojiro de la Salamandre
38%
Ichibei Hyuga
37%
Naji Kara
29%
Aucun quiz correspondant
Distribution des résultats
% des personnes avec chaque résultat
Percentile par nombre de réponses
Votre historique - résultats
Vous n’avez pas pris ce quiz